000 00513cam a22001934a 4500
005 20250605164151.0
008 250528s ||||||||||||||||||||||||d
035 _a19382
020 _a9603510580
040 _aGR-AtMCL
_bgre
_dGR-AtMCL
_eAACR2
245 1 _aΕΙΣΑΓΩΓΗ ΣΤΟ ΔΙΕΘΝΕΣ MANAGEMENT
250 _a1
260 _bΑ.Σταμουλης,
_c1990
300 _a315
700 1 _aΠαπαγεωργιου Πετρου Π
_95631
942 _cBK
999 _c4638
_d4638